Indian Tribes by Emoji - Statistics

General Stats
  • This quiz has been taken 25 times
  • The average score is 6 of 15
Answer Stats
Hint Answer % Correct
🪑🅾️🔑 Cherokee
96%
🐾NEE Pawnee
75%
🅰️PA🤥 Apache
67%
🦶🏿 Blackfoot
58%
🐤I🪚 Chickasaw
42%
👂🅰️🪙 Iroquois
38%
👎VA🎅💬 Navajo
33%
🧵🪡 Sioux
29%
🙈AN Cheyenne
25%
🍫TALL Choctaw
25%
🧙‍♀️🅰️TALL Wichita
25%
⚫️🦜💀 Crow
13%
🤞E Hopi
8%
💪🎤💚 Muskogee
8%
🎱E🌬 Pueblo
8%
No matching quizzes found
Score Distribution
Percent of People with Each Score
Percentile by Number Answered
Your Score History
You have not taken this quiz